[Event "Belgrade-ch"]
[Site "Belgrade"]
[Date "2010.01.27"]
[Round "5"]
[White "Jovic, Slavko"]
[Black "Damjanovic, Lazar"]
[Result "0-1"]
[WhiteElo "1936"]
[BlackElo "2149"]
[PlyCount "64"]
[EventDate "2010.01.23"]
[EventType "swiss"]
[EventRounds "9"]
[EventCountry "YUG"]
[SourceTitle "CBM 134 Extra"]
[Source "ChessBase"]
[SourceDate "2010.03.03"]
[SourceVersion "1"]
[SourceVersionDate "2010.03.03"]
[SourceQuality "1"]

1. e4 c6 2. c4 g6 3. Nf3 Bg7 4. Nc3 Na6 5. d4 d6 6. Be2 Nf6 7. 0-0 0-0 8. Ne1 e5 9. d5 Nc5 10. Qc2 a5 11. f3 Nh5 12. Be3 f5 13. dxc6 bxc6 14. Rd1 Qe7 15. Qd2 Nb7 16. f4 Nxf4 17. Bxf4 exf4 18. Qxf4 Nc5 19. Qxd6 Qxd6 20. Rxd6 Bxc3 21. bxc3 Nxe4 22. Rxc6 Re8 23. Bf3 Nxc3 24. Nc2 Bb7 25. a3 Rad8 26. Rb6 Bxf3 27. gxf3 Rd2 28. Ne1 Ne2+ 29. Kh1 Nf4 30. c5 Ree2 31. Rd6 Rxh2+ 32. Kg1 Nh3# 0-1

[Event "Belgrade-ch"]
[Site "Belgrade"]
[Date "2010.01.25"]
[Round "3"]
[White "Djurdjevic, Petar S"]
[Black "Damjanovic, Lazar"]
[Result "0-1"]
[WhiteElo "1932"]
[BlackElo "2149"]
[PlyCount "54"]
[EventDate "2010.01.23"]
[EventType "swiss"]
[EventRounds "9"]
[EventCountry "YUG"]
[SourceTitle "CBM 134 Extra"]
[Source "ChessBase"]
[SourceDate "2010.03.03"]
[SourceVersion "1"]
[SourceVersionDate "2010.03.03"]
[SourceQuality "1"]

1. d4 c5 2. d5 e6 3. c4 b5 4. e4 bxc4 5. Bxc4 Nf6 6. Nc3 d6 7. dxe6 fxe6 8. Qb3 Nc6 9. Bxe6 Rb8 10. Qa4 Bxe6 11. Qxc6+ Bd7 12. Qa6 Be7 13. Nge2 0-0 14. 0-0 Ng4 15. Qc4+ Kh8 16. Nd5 Bh4 17. f4 Qe8 18. Nec3 Nxh2 19. Kxh2 Qh5 20. g3 Bf6+ 21. Kg1 Bd4+ 22. Ne3 Rxb2 23. Ne2 Bb5 24. Rf2 Bxe3 25. Bxb2 Bxc4 26. Re1 Qf3 27. Ref1 Bxe2 0-1

[Event "Belgrade Trophy 21st"]
[Site "Obrenovac"]
[Date "2008.12.05"]
[Round "9"]
[White "Ristic, Nebojsa M"]
[Black "Damjanovic, Lazar"]
[Result "1-0"]
[WhiteElo "2374"]
[BlackElo "2166"]
[PlyCount "95"]
[EventDate "2008.11.27"]
[EventType "swiss"]
[EventRounds "9"]
[EventCountry "YUG"]
[SourceTitle "CBM 127 Extra"]
[Source "ChessBase"]
[SourceDate "2009.01.08"]
[SourceVersion "2"]
[SourceVersionDate "2009.01.28"]
[SourceQuality "1"]

1. d4 c5 2. d5 e6 3. c4 b5 4. cxb5 a6 5. e4 Nf6 6. Nc3 d6 7. bxa6 Bxa6 8. Bxa6 Rxa6 9. dxe6 fxe6 10. Nf3 Nc6 11. 0-0 Be7 12. Qe2 Nb4 13. Bg5 0-0 14. a3 Qa8 15. Nb5 Rc8 16. Rad1 Nc6 17. Bxf6 gxf6 18. Nxd6 Nd4 19. Nxd4 Rxd6 20. Qg4+ Kf7 21. Nb5 Rxd1 22. Rxd1 Rd8 23. Nc3 Rxd1+ 24. Qxd1 Qb8 25. Qh5+ Kg7 26. Qe2 Qe5 27. g3 Qd4 28. a4 c4 29. Nb5 Qc5 30. Qc2 h5 31. h4 f5 32. exf5 exf5 33. Qe2 f4 34. gxf4 Bf6 35. Nc3 Qf5 36. Kg2 Bxh4 37. Qe5+ Kg6 38. Qxf5+ Kxf5 39. a5 Bd8 40. a6 Bb6 41. Nb5 Kxf4 42. a7 Bxa7 43. Nxa7 h4 44. Nc6 h3+ 45. Kxh3 Kf3 46. Ne5+ Kxf2 47. Nxc4 Kf3 48. b4 1-0

[Event "Belgrade Spring op"]
[Site "Belgrade"]
[Date "2008.03.29"]
[Round "5"]
[White "Svetac, Nenad"]
[Black "Damjanovic, Lazar"]
[Result "1/2-1/2"]
[WhiteElo "2341"]
[BlackElo "2129"]
[PlyCount "86"]
[EventDate "2008.03.25"]
[EventType "swiss"]
[EventRounds "9"]
[EventCountry "YUG"]
[SourceTitle "CBM 123 Extra"]
[Source "ChessBase"]
[SourceDate "2008.05.06"]
[SourceVersion "1"]
[SourceVersionDate "2008.05.06"]
[SourceQuality "1"]

1. e4 c5 2. Nf3 d6 3. d4 cxd4 4. Nxd4 Nf6 5. Nc3 Nc6 6. g3 g6 7. Bg2 Nxd4 8. Qxd4 Bg7 9. 0-0 0-0 10. Qd3 Nd7 11. Be3 Ne5 12. Qe2 Bg4 13. f3 Be6 14. Nd5 Qd7 15. Rad1 f5 16. exf5 Rxf5 17. f4 Nc6 18. c4 Rf7 19. Qd2 Rd8 20. b3 Bh3 21. Nc3 Bxg2 22. Kxg2 Qf5 23. Rf2 e6 24. Qc2 Qa5 25. Ne4 d5 26. Ng5 Re7 27. cxd5 exd5 28. Qc5 d4 29. Qxa5 Nxa5 30. Bc1 d3 31. Ba3 Re3 32. Bc5 Ree8 33. Bxa7 Nc6 34. Bb6 Rd5 35. Rfd2 Nb4 36. a3 Nc2 37. Nf3 Re6 38. Bf2 Red6 39. Ne5 Bxe5 40. fxe5 Rxe5 41. Rxd3 Rxd3 42. Rxd3 Nxa3 43. Rd8+ Kf7 1/2-1/2

[Event "Belgrade Winter op"]
[Site "Belgrade"]
[Date "2008.01.22"]
[Round "1"]
[White "Damjanovic, Lazar"]
[Black "Abramovic, Bosko"]
[Result "0-1"]
[WhiteElo "2129"]
[BlackElo "2499"]
[PlyCount "84"]
[EventDate "2008.01.22"]
[EventType "swiss"]
[EventRounds "9"]
[EventCountry "YUG"]
[SourceTitle "CBM 122 Extra"]
[Source "ChessBase"]
[SourceDate "2008.03.04"]
[SourceVersion "1"]
[SourceVersionDate "2008.03.04"]
[SourceQuality "1"]

1. e4 e5 2. Nf3 Nc6 3. Bb5 a6 4. Ba4 Nf6 5. 0-0 Be7 6. Re1 b5 7. Bb3 d6 8. c3 0-0 9. h3 Na5 10. Bc2 c5 11. d4 Nc6 12. a3 Re8 13. Nbd2 cxd4 14. cxd4 exd4 15. Nb3 Bf8 16. Nbxd4 Bb7 17. Bg5 h6 18. Bh4 Ne5 19. Nf5 Ng6 20. Qd4 Nxh4 21. N5xh4 Rc8 22. Bd3 d5 23. e5 Ne4 24. b4 g6 25. a4 bxa4 26. Rxa4 Rb8 27. Rb1 Re6 28. g3 Qb6 29. Ra5 Bxb4 30. Qxb6 Rxb6 31. Ra4 a5 32. Bxe4 dxe4 33. Nd4 Bc8 34. e6 Kg7 35. exf7 Kxf7 36. g4 Bd7 37. Ra2 Bc3 38. Rxb6 Rxb6 39. Ne2 Rb1+ 40. Kg2 Bf6 41. Kg3 Rb3+ 42. f3 a4 0-1

[Event "Belgrade Trophy 20th"]
[Site "Belgrade"]
[Date "2007.11.28"]
[Round "7"]
[White "Stamenkovic, Aleksandar"]
[Black "Damjanovic, Lazar"]
[Result "1-0"]
[WhiteElo "2249"]
[BlackElo "2119"]
[PlyCount "85"]
[EventDate "2007.11.22"]
[EventType "swiss"]
[EventRounds "9"]
[EventCountry "YUG"]
[SourceTitle "CBM 121 Extra"]
[Source "ChessBase"]
[SourceDate "2008.01.10"]
[SourceVersion "1"]
[SourceVersionDate "2008.01.10"]
[SourceQuality "1"]

1. Nf3 d6 2. d4 Nf6 3. c4 g6 4. Nc3 Bg7 5. e4 0-0 6. Be2 Na6 7. 0-0 e5 8. Be3 c6 9. Rb1 Ng4 10. Bg5 f6 11. Bc1 f5 12. h3 exd4 13. Nxd4 Qb6 14. hxg4 Qxd4 15. gxf5 gxf5 16. Qxd4 Bxd4 17. Rd1 Bb6 18. b4 fxe4 19. c5 dxc5 20. Bc4+ Kg7 21. Nxe4 Rd8 22. Rxd8 Bxd8 23. bxc5 b5 24. cxb6 axb6 25. Rb3 Bg4 26. Bb2+ Kf8 27. Ba3+ Kg7 28. f3 Bf5 29. Ng3 Bg6 30. Bb2+ Kf8 31. Bd4 b5 32. Be6 Be7 33. Rc3 c5 34. Be3 Nc7 35. Bd7 Nd5 36. Bh6+ Kf7 37. Rb3 b4 38. Bc6 Rd8 39. Bb5 Nb6 40. Re3 c4 41. Rxe7+ Kf6 42. Rb7 Rd6 43. Be3 1-0

[Event "Belgrade Trophy 20th"]
[Site "Belgrade"]
[Date "2007.11.27"]
[Round "6"]
[White "Damjanovic, Lazar"]
[Black "Bozovic, Nikola"]
[Result "1/2-1/2"]
[WhiteElo "2119"]
[BlackElo "2249"]
[PlyCount "93"]
[EventDate "2007.11.22"]
[EventType "swiss"]
[EventRounds "9"]
[EventCountry "YUG"]
[SourceTitle "CBM 121 Extra"]
[Source "ChessBase"]
[SourceDate "2008.01.10"]
[SourceVersion "1"]
[SourceVersionDate "2008.01.10"]
[SourceQuality "1"]

1. e4 e5 2. Nf3 Nc6 3. Bb5 a6 4. Ba4 Nf6 5. 0-0 b5 6. Bb3 Bc5 7. c3 d6 8. d3 h6 9. a4 Bg4 10. Be3 0-0 11. Na3 Bxa3 12. Rxa3 b4 13. Ra1 Rb8 14. a5 Ne7 15. Bc4 c5 16. h3 Bc8 17. Nd2 Ng6 18. Qf3 bxc3 19. bxc3 Rb2 20. Qd1 Rb8 21. Qe2 Re8 22. Rfb1 Rxb1+ 23. Nxb1 d5 24. exd5 Nxd5 25. Nd2 Nxc3 26. Qf3 Nf4 27. Bxc5 Nce2+ 28. Kh2 Nd4 29. Bxd4 Qxd4 30. Re1 Qc5 31. Nb3 Qc7 32. Rc1 Qe7 33. Nc5 Qd6 34. Ne4 Qa3 35. Rc2 Ne6 36. Qg3 Ng5 37. Nxg5 hxg5 38. Qxg5 Qxa5 39. Qh5 Qc7 40. Be6 Qb7 41. Rxc8 Rxc8 42. Bxc8 Qxc8 43. Qxe5 Qd8 44. d4 a5 45. d5 a4 46. d6 a3 47. Qe7 1/2-1/2

[Event "Belgrade tt Cup"]
[Site "Belgrade"]
[Date "2007.04.12"]
[Round "4.4"]
[White "Damjanovic, Lazar"]
[Black "Popovic, Djordje D"]
[Result "1-0"]
[WhiteElo "2112"]
[BlackElo "2103"]
[PlyCount "45"]
[EventDate "2007.04.09"]
[EventType "team-tourn"]
[EventRounds "5"]
[EventCountry "YUG"]
[SourceTitle "EXT 2008"]
[Source "ChessBase"]
[SourceDate "2007.11.25"]
[SourceVersion "1"]
[SourceVersionDate "2007.11.25"]
[SourceQuality "1"]

1. e4 c5 2. Nf3 e6 3. d4 cxd4 4. Nxd4 a6 5. Nc3 Qc7 6. Be3 Nf6 7. Bd3 b5 8. a3 Bb7 9. 0-0 d5 10. exd5 Nxd5 11. Nxd5 Bxd5 12. Re1 Be7 13. Qh5 Nd7 14. a4 b4 15. Bg5 g6 16. Qh6 Bf8 17. Rxe6+ Bxe6 18. Nxe6 Qe5 19. Nxf8 Nxf8 20. Bf4 Qe7 21. Qg7 g5 22. Bd2 Ng6 23. Re1 1-0

[Event "Belgrade Spring op"]
[Site "Belgrade"]
[Date "2007.03.27"]
[Round "2"]
[White "Kuveljic, Bozidar"]
[Black "Damjanovic, Lazar"]
[Result "0-1"]
[WhiteElo "1851"]
[BlackElo "2099"]
[PlyCount "62"]
[EventDate "2007.03.26"]
[EventType "swiss"]
[EventRounds "9"]
[EventCountry "YUG"]
[SourceTitle "CBM 117 Extra"]
[Source "ChessBase"]
[SourceDate "2007.05.09"]
[SourceVersion "1"]
[SourceVersionDate "2007.05.09"]
[SourceQuality "1"]

1. e4 d5 2. exd5 Nf6 3. h3 Nxd5 4. Bc4 Nb6 5. Bb3 c5 6. a3 Nc6 7. c3 e5 8. Qf3 c4 9. Bc2 Bc5 10. Ne2 0-0 11. d3 e4 12. dxe4 Ne5 13. Qg3 Re8 14. 0-0 Bd6 15. f4 Nd3 16. e5 Bc5+ 17. Kh2 f6 18. Bxd3 cxd3 19. Rd1 Bf5 20. b4 dxe2 21. Rxd8 Raxd8 22. bxc5 Rd1 23. exf6 g6 24. Bd2 Nc4 25. Qg5 Ne3 26. Qh6 Nf1+ 27. Kh1 Nxd2+ 28. Kh2 Nf1+ 29. Kh1 Ng3+ 30. Kh2 Rh1+ 31. Kxg3 e1Q+ 0-1

[Event "Belgrade Winter op"]
[Site "Belgrade"]
[Date "2007.01.29"]
[Round "6"]
[White "Klasan, Vladimir"]
[Black "Damjanovic, Lazar"]
[Result "1/2-1/2"]
[WhiteElo "2276"]
[BlackElo "2099"]
[PlyCount "59"]
[EventDate "2007.01.24"]
[EventType "swiss"]
[EventRounds "9"]
[EventCountry "YUG"]
[SourceTitle "EXT 2010"]
[Source "ChessBase"]
[SourceDate "2010.11.25"]
[SourceVersion "1"]
[SourceVersionDate "2010.11.25"]
[SourceQuality "1"]

1. e4 c5 2. Nf3 d6 3. d4 cxd4 4. Qxd4 Nc6 5. Bb5 Bd7 6. Bxc6 Bxc6 7. Nc3 Nf6 8. Bg5 e6 9. 0-0-0 Be7 10. Qd3 Qa5 11. Bd2 Qh5 12. Nd4 0-0 13. f4 d5 14. e5 Nd7 15. g4 Qxg4 16. Rhg1 Qh5 17. Rg3 Bh4 18. Rg2 Kh8 19. f5 Nxe5 20. Qh3 g6 21. Kb1 Nc4 22. fxe6 fxe6 23. Nxc6 bxc6 24. Qxe6 Bf6 25. Qxc6 Rab8 26. Rf1 Bg5 27. Rxf8+ Rxf8 28. Be1 Bh4 29. Rg1 Bf6 30. Qxd5 1/2-1/2

[Event "Belgrade Winter op"]
[Site "Belgrade"]
[Date "2007.01.25"]
[Round "2"]
[White "Begovic, Ivan"]
[Black "Damjanovic, Lazar"]
[Result "1-0"]
[WhiteElo "1983"]
[BlackElo "2099"]
[PlyCount "69"]
[EventDate "2007.01.24"]
[EventType "swiss"]
[EventRounds "9"]
[EventCountry "YUG"]
[SourceTitle "EXT 2010"]
[Source "ChessBase"]
[SourceDate "2010.11.25"]
[SourceVersion "1"]
[SourceVersionDate "2010.11.25"]
[SourceQuality "1"]

1. d4 Nf6 2. c4 g6 3. Nc3 Bg7 4. e4 d6 5. Nf3 0-0 6. Be2 e5 7. d5 Nbd7 8. 0-0 Nc5 9. Nd2 Bh6 10. Qc2 a5 11. Nb3 Bxc1 12. Raxc1 b6 13. Nd2 h5 14. f4 exf4 15. Rxf4 Bg4 16. Rcf1 Bxe2 17. Nxe2 Nfd7 18. Nf3 Ne5 19. Nxe5 dxe5 20. R4f3 Nb7 21. a3 Nd6 22. b4 axb4 23. axb4 Qh4 24. Ng3 b5 25. c5 Nc4 26. Qf2 Qg5 27. Rxf7 Qe3 28. Qxe3 Nxe3 29. Rxf8+ Rxf8 30. Rxf8+ Kxf8 31. Ne2 Nc2 32. Nc3 Nxb4 33. Nxb5 Na6 34. c6 Nc5 35. d6 1-0

[Event "Belgrade Trophy 19th"]
[Site "Belgrade"]
[Date "2006.11.28"]
[Round "7"]
[White "Maric, Dragan"]
[Black "Damjanovic, Lazar"]
[Result "1-0"]
[WhiteElo "2314"]
[BlackElo "2117"]
[PlyCount "31"]
[EventDate "2006.11.22"]
[EventType "swiss"]
[EventRounds "9"]
[EventCountry "YUG"]
[SourceTitle "CBM 115 Extra"]
[Source "ChessBase"]
[SourceDate "2007.01.10"]
[SourceVersion "1"]
[SourceVersionDate "2007.01.10"]
[SourceQuality "1"]

1. d4 Nf6 2. Nf3 g6 3. Bg5 Bg7 4. Nbd2 c5 5. e4 cxd4 6. Nxd4 Qa5 7. Bxf6 Bxf6 8. N4b3 Qc7 9. c3 Nc6 10. g3 d6 11. Bg2 a5 12. a4 Be6 13. 0-0 Qb6 14. Re1 Rc8 15. Bf1 h5 16. Nc4 1-0

[Event "Belgrade Trophy 19th"]
[Site "Belgrade"]
[Date "2006.11.26"]
[Round "5"]
[White "Stojanovic, Andjelija"]
[Black "Damjanovic, Lazar"]
[Result "1-0"]
[WhiteElo "2250"]
[BlackElo "2117"]
[PlyCount "101"]
[EventDate "2006.11.22"]
[EventType "swiss"]
[EventRounds "9"]
[EventCountry "YUG"]
[SourceTitle "CBM 115 Extra"]
[Source "ChessBase"]
[SourceDate "2007.01.10"]
[SourceVersion "1"]
[SourceVersionDate "2007.01.10"]
[SourceQuality "1"]

1. Nf3 Nf6 2. g3 g6 3. Bg2 Bg7 4. 0-0 0-0 5. d4 c5 6. c4 d5 7. dxc5 Na6 8. cxd5 Nxd5 9. Ng5 e6 10. Qc2 Qa5 11. Na3 Bd7 12. Bd2 Qa4 13. Rac1 Rac8 14. e4 Ndb4 15. Qxa4 Bxa4 16. Rc4 b5 17. Rxb4 Nxb4 18. Bxb4 Bxb2 19. Nb1 Rfd8 20. Nf3 Bc2 21. Nbd2 Rd3 22. Ne1 a5 23. Bxa5 Bc3 24. Nxd3 Bxa5 25. Ne1 Rxc5 26. Nxc2 Rxc2 27. Nb3 Bb6 28. Nc1 Kf8 29. Nd3 Rxa2 30. Rb1 Ra5 31. Ne5 Kg7 32. Bf1 Ra2 33. Nd3 h5 34. Rxb5 Bd4 35. h4 e5 36. Rb7 Kf8 37. Kg2 f5 38. Kf3 Ra1 39. Be2 Ra2 40. Rb8+ Ke7 41. Rb7+ Kd6 42. Bf1 Ra1 43. Rg7 Rxf1 44. Rxg6+ Ke7 45. exf5 Rd1 46. Nxe5 Kf8 47. Rd6 Rd2 48. Ke4 Bc3 49. Rxd2 Bxd2 50. f6 Be1 51. Nd3 1-0

[Event "Belgrade Winter op"]
[Site "Belgrade"]
[Date "2006.01.29"]
[Round "9"]
[White "Damjanovic, Lazar"]
[Black "Katic, Goran"]
[Result "1-0"]
[WhiteElo "2116"]
[BlackElo "2064"]
[PlyCount "89"]
[EventDate "2006.01.21"]
[EventType "swiss"]
[EventRounds "9"]
[EventCountry "YUG"]
[SourceTitle "CBM 110 Extra"]
[Source "ChessBase"]
[SourceDate "2006.03.10"]
[SourceVersion "2"]
[SourceVersionDate "2006.03.10"]
[SourceQuality "1"]

1. e4 c6 2. d4 d5 3. e5 Bf5 4. Nc3 Qb6 5. Nf3 e6 6. Be2 Bg4 7. 0-0 Bxf3 8. Bxf3 Nd7 9. Na4 Qc7 10. b3 Ne7 11. c4 Nc8 12. c5 b6 13. b4 a5 14. Nxb6 Ncxb6 15. cxb6 Qxb6 16. bxa5 Qxa5 17. a4 c5 18. Bd2 Qa7 19. Be2 c4 20. Be3 Bb4 21. Qc2 Nb8 22. a5 0-0 23. Rfb1 Na6 24. f4 Rab8 25. Bg4 g6 26. Rf1 f5 27. exf6 Rxf6 28. Rf3 Nc7 29. Bf2 Nb5 30. Qa4 Nxd4 31. Kh1 Bc5 32. Bh4 Rf7 33. Rff1 Nf5 34. Bxf5 exf5 35. Qc6 d4 36. Rfe1 c3 37. Re5 Bf8 38. Bf2 Bg7 39. Rd5 Rfb7 40. h3 Rb1+ 41. Rxb1 Rxb1+ 42. Kh2 Qb7 43. Qe8+ Bf8 44. Rd7 Qb3 45. Bxd4 1-0